Responses for Show #2050 - Friday, July 2, 1993

Contestants

[<< previous game]

Allen Collins, a high school English teacher from Drexel Hill, Pennsylvania

Christine Quinones, a communications consultant from New York City, New York

Camille Calman, a researcher and writer from New York City, New York (whose 1-day cash winnings total $12,100)

[next game >>]

Jeopardy! Round responses

THE 50 STATES
30-SOMETHING
THE ROARING '20s
THE 9 WORTHIES
(Alex: These are 3 heroes from Classics, 3 heroes from the Bible, and 3 heroes from Romance.)
6
4-LETTER WORDS
    $100 9
Hawaii

Camille
    $100 26
Beethoven

Camille
    $100 1
Al Capone

Christine
    $100 2
King Arthur

Camille
    $100 18
wings

Camille
    $100 16
goat

Allen
    $200 12
Alaska

Camille
    $200 27
Laurel & Hardy

Christine
    $200 3
Amos 'n' Andy

Camille
    $200 5
Alexander the Great

Allen
    $200 21
the Six-Day War

Christine
    $200 17
moat

Christine
    $300 13
Indiana

Camille
    $300 28
Hans Christian Andersen

Christine
    $300 4
Henry Ford

Christine
    $300 6
Charlemagne

Christine
    $300 22
zeta

Christine
    $300 19
seek[?]

Camille
    $400 14
Alabama

Camille
    $400 29
(Allen: Who is Jack Paar?)
(Camille: Who is Steve Allen?)

Jay Leno

CamilleChristineAllen
    $400 10
7 Up

Allen
    $400 7
Troy

Allen
    $400 23
Northern Ireland

Allen
    $400 20
lace

Christine
    $900 15
(Alex: Yes, you're right. Famous Four Corners.)

Utah

Camille
    $500 30
Mae West

Christine
    $500 11
Arrow

Camille
    $500 8
Joshua

Triple Stumper
    $500 25
Palm Sunday

Camille
    $500 24
taut

Christine

Scores at the first commercial break (after clue 15):

Camille Christine Allen
$2,700 $700 $1,000

Scores at the end of the Jeopardy! Round:

Camille Christine Allen
$3,300 $3,700 $1,100

Double Jeopardy! Round responses

HISTORY
GEMS
TV TRIVIA
SCIENCE & NATURE
FAMOUS NAMES
THEATRE
    $200 7
Catherine the Great

Christine
    $200 21
the amethyst

Camille
    $200 13
Mr. Ed

Christine
    $200 1
lily

Allen
    $200 23
Margaret Thatcher

Allen
    $200 3
Tennessee Williams

Allen
    $400 8
Zeus

Camille
    $400 22
sherry

Christine
    $400 14
The Odd Couple

Christine
    $400 2
the leaves

Camille
    $400 24
John Philip Sousa

Christine
    $400 9
F. Scott Fitzgerald

Camille
    $600 18
the Reformation

Allen
    $600 28
turquoise

Christine
    $600 15
My Mother the Car

Allen
    $600 4
tectonics

Allen
    $600 25
John Foster Dulles

Christine
    $600 10
Henry VII

Camille
    $2,000 19
Maine

Allen
    $800 29
a cat's eye

Christine
    $800 16
The Ricky Ricardo Club (or The Babalu Club)

Triple Stumper
    $800 5
salt

Allen
    $800 26
David Ben-Gurion

Camille
    $800 11
The Seagull

Camille
    $1000 20
the Declaration of the Rights of Man

Christine
    $1000 30
the bloodstone

Camille
    $1000 17
THRUSH

Camille
    $1,000 6
(James) Van Allen

Allen
    $1000 27
(Carl) Stokes

Christine
    $1000 12
Pygmalion

Camille

Scores at the end of the Double Jeopardy! Round:

Camille Christine Allen
$9,900 $9,300 $7,300

[wagering suggestions for these scores]

Final Jeopardy! Round responses

LANGUAGES
AllenWhat is Gaelic?
$3,000
ChristineWhat is Latin?
$9,300
CamilleWhat is Latin
$8,701
Latin

Final scores:

Camille Christine Allen
$18,601 $18,600 $4,300
2-day champion: $30,701 2nd place: a trip to Reno, Nevada aboard Delta Airlines with 1-week accomodations at the Reno Hilton 3rd place: a DeLonghi espresso/cappuccino maker

Game dynamics:

Coryat scores:

Camille Christine Allen
$9,500 $9,300 $6,100
22 R
(including 1 DD),
1 W
22 R,
0 W
14 R
(including 2 DDs),
1 W

Combined Coryat: $24,900

[game clues] [game scores] [suggest correction]

Game tape date: 1993-02-08
The J! Archive is created by fans, for fans. Scraping, republication, monetization, and malicious use prohibited; this site may use cookies and collect identifying information. See terms. The Jeopardy! game show and all elements thereof, including but not limited to copyright and trademark thereto, are the property of Jeopardy Productions, Inc. and are protected under law. This website is not affiliated with, sponsored by, or operated by Jeopardy Productions, Inc. Join the discussion at JBoard.tv.